Electromagnetic field theory / (Record no. 23686)

MARC details
000 -LEADER
fixed length control field 01111nam a22002895i 4500
003 - CONTROL NUMBER IDENTIFIER
control field EG-ScBUE
005 - DATE AND TIME OF LATEST TRANSACTION
control field 20250528095757.0
008 - FIXED-LENGTH DATA ELEMENTS--GENERAL INFORMATION
fixed length control field 161221s2016 ii a f 001 0 eng d
020 ## - INTERNATIONAL STANDARD BOOK NUMBER
International Standard Book Number 9789325984462
020 ## - INTERNATIONAL STANDARD BOOK NUMBER
International Standard Book Number 9325984466
040 ## - CATALOGING SOURCE
Original cataloging agency EG-ScBUE
Language of cataloging eng
Description conventions rda
Transcribing agency EG-ScBUE
Modifying agency EG-ScBUE
082 04 - DEWEY DECIMAL CLASSIFICATION NUMBER
Edition number 22
Classification number 530.141
Item number SAL
100 1# - MAIN ENTRY--PERSONAL NAME
9 (RLIN) 41736
Personal name Salivahanan, S.‏,
Relator term author.
245 10 - TITLE STATEMENT
Title Electromagnetic field theory /
Statement of responsibility, etc S. Salivahanan, principal SSn College of Engineering, Chennai, S. Karthie, assistant professor, Department of Electronics and Communication Engineering, SSN College of Engineering, Chennai.
264 #1 - PUBLICATION, DISTRIBUTION, ETC. (IMPRINT)
Place of publication, distribution, etc New Delhi :
Name of publisher, distributor, etc Vikas Publishing House, Pvt., Ltd.,
Date of publication, distribution, etc 2016.
300 ## - PHYSICAL DESCRIPTION
Extent xi, 721 pages :
Other physical details illustrations ;
Dimensions 20 cm
336 ## - CONTENT TYPE
Source rdacontent
Content type term text
Content type code txt
337 ## - MEDIA TYPE
Media type term unmediated
Source rdamedia
Media type code n
338 ## - CARRIER TYPE
Carrier type term volume
Carrier type code nc
Source rdacarrier
500 ## - GENERAL NOTE
General note Includes index.<br/>
500 ## - GENERAL NOTE
General note Includes appendix.<br/>
650 #7 - SUBJECT ADDED ENTRY--TOPICAL TERM
Topical term or geographic name as entry element Electromagnetic fields.
Source of heading or term BUEsh
9 (RLIN) 9181
650 #7 - SUBJECT ADDED ENTRY--TOPICAL TERM
9 (RLIN) 1928
Topical term or geographic name as entry element Electromagnetism.
Source of heading or term BUEsh
655 ## - INDEX TERM--GENRE/FORM
Form subdivision Reading book
700 1# - ADDED ENTRY--PERSONAL NAME
9 (RLIN) 41737
Personal name Karthie, S.,
Relator term author.
942 ## - ADDED ENTRY ELEMENTS (KOHA)
Source of classification or shelving scheme Dewey Decimal Classification
Koha item type Book - Borrowing
Holdings
Withdrawn status Lost status Source of classification or shelving scheme Damaged status Not for loan Collection code Home library Current library Shelving location Date acquired Source of acquisition Cost, normal purchase price Serial Enumeration / chronology Total Checkouts Full call number Barcode Date last seen Date checked out Cost, replacement price Price effective from Koha item type
    Dewey Decimal Classification     Alahram Central Library Central Library First floor 21/12/2016 Purchase 173.00 117 2 530.141 SAL 000045276 15/07/2025 12/03/2024 216.25 21/12/2016 Book - Borrowing